Tratado de geofísica aplicada /
Gespeichert in:
| 1. Verfasser: | |
|---|---|
| Format: | Buch |
| Sprache: | Spanisch |
| Veröffentlicht: |
Madrid, España :
Promotora de Minas de Carbón,
1987, c1974
|
| Ausgabe: | 3a edición |
| Schlagworte: | |
| Tags: |
Keine Tags, Fügen Sie das erste Tag hinzu!
|
MARC
| LEADER | 00000nam^a2200000^a^4500 | ||
|---|---|---|---|
| 001 | 000167058 | ||
| 005 | 20250521000000.0 | ||
| 009 | 20260310101113.696 | ||
| 020 | |a 84-400-7507-3 | ||
| 037 | |a Acervo ITESO - Biblioteca | ||
| 041 | |a ESP | ||
| 082 | |a 550. |b CAN | ||
| 100 | |a Cantos Figuerola, José |e (autor) | ||
| 245 | 1 | 0 | |a Tratado de geofísica aplicada / |c J.M. Cantos Figuerola ; pról. de Juan José Miraved. |
| 250 | |a 3a edición | ||
| 264 | 4 | |a Madrid, España : |b Promotora de Minas de Carbón, |c 1987, c1974 | |
| 300 | |a 535 p. + |e 3 mapas (mapas consultables en la Mapoteca) | ||
| 336 | |a texto |b txt |2 rdacontenido | ||
| 337 | |a sin mediación |b n |2 rdamedio | ||
| 338 | |a volumen |b nc |2 rdasoporte | ||
| 649 | |a XX | ||
| 650 | |a Magnetismo | ||
| 650 | |a Gravitación | ||
| 650 | |a Sismología | ||
| 650 | |a Radiactividad Natural | ||
| 650 | |a Electricidad | ||
| 650 | |a Geoquímica | ||
| 650 | |a Sensores Remotos | ||
| 650 | |a Geofísica - |x Metodología | ||
| 650 | |a Geofísica - |x Teoría | ||
| 650 | |a Física - |x Metodología | ||
| 650 | |a Física - |x Teoría | ||
| 910 | |a Fondo General | ||
| 920 | |a Impresos - Libros | ||
| 930 | |a Colección General | ||
| 905 | |a 101 | ||
| 901 | |a 0500106038 |b IT1 |c ACC |u 20250521 | ||
| 901 | |a 0500106757 |b IT1 |c ACC |u 20250521 | ||
| 901 | |a 0500106688 |b IT2 |c MAP |u 20250521 | ||
| 901 | |a 0500106708 |b IT2 |c MAP |u 20250521 | ||
| 901 | |a 0500106691 |b IT2 |c MAP |u 20250521 | ||
| 901 | |a 0500106682 |b IT2 |c MAP |u 20250521 | ||
| 901 | |a 0500106694 |b IT2 |c MAP |u 20250521 | ||
| 901 | |a 0500106685 |b IT2 |c MAP |u 20250521 | ||
| 902 | |a https://opac.biblio.iteso.mx/vufind/Record/000167058 | ||